00636 2200217 4500001002100000005001500021035002000036007000300056008004100059020001800100082001100118084001700129100001800146245010100164250001900265260004000284300004300324650002300367990001400390990001400404INLIS00000000001053720250918040634 a0010-0925000135ta250918 e 0 ind  a9786026587572 a352.14 a352.14 FIR p0 aFirman Sujadi1 aPedoman Umum Penyelenggaraan Pemerintahan Desa :bkelembagaan pemerintahan desa /cFirman Sujadi aCet 1, Jilid 1 aJakarta :bBee Media Pustaka,c2019 aviii + 392 Hlm :bIlus ;c17.6 x 25 cm 4aAdministrasi Lokal a025.00067 a025.00068